000 00968cam a22002054a 4500
005 20250605164307.0
008 250528s ||||||||||||||||||||||||d
035 _a22304
020 _a9789602186053
040 _aGR-AtMCL
_bgre
_dGR-AtMCL
_eAACR2
245 1 _aΤο Επιχειρηματικό Όραμα σε Business Plan
250 _a
260 _bΚριτική - Επιστημονική Βιβλιοθήκη,
_c2009
520 _aΤο Επιχειρηματικό Σχέδιο (Business Plan) είναι απαραίτητο σε όλες τις οικονομικές μονάδες: στις επιχειρήσεις του ιδιωτικού και του δημόσιου τομέα, στις πολυεθνικές, τις μετα-εθνικές, τις μικρομεσαίες.
700 1 _aΚέφης Βασίλης
_96862
700 1 _aΠαπαζαχαρίου Πέτρος
_97391
942 _cBK
999 _c7358
_d7358